| 000 | 00880nam a22002657i 4500 | ||
|---|---|---|---|
| 001 | 200448835 | ||
| 999 |
_c200448835 _d67047 |
||
| 003 | TR-AnTOB | ||
| 005 | 20240913155533.0 | ||
| 008 | 220523s2020 tu ao 00| 0 tur d | ||
| 040 |
_aTR-AnTOB _beng _erda _cTR-AnTOB |
||
| 041 | 0 | _atur | |
| 050 |
_aN7161 _b.M57 2020 |
||
| 090 |
_aN7161 _b.M57 2020 |
||
| 245 | 0 | 0 |
_aMirasa sahip çıkma sergi salonu : _basar-ı bakiye (ölmez eserler). |
| 264 | 1 |
_aKayseri : _bKayseri Organize Sanayi Bölgesi, _c2020. |
|
| 300 |
_a100 pages, unpaged : _billustrations ; _c24 cm |
||
| 336 |
_atext _btxt _2rdacontent |
||
| 336 |
_astill image _bsti _2rdacontent |
||
| 337 |
_aunmediated _bn _2rdamedia |
||
| 338 |
_avolume _bnc _2rdacarrier |
||
| 650 | 0 |
_aİslam hat sanatı _zTürkiye _vKataloglar _969274 |
|
| 650 | 7 |
_aSanat eserleri, Türk _vKataloglar _2etuturkob _9122258 |
|
| 942 |
_2lcc _cBK |
||